书目信息 |
| 题名: |
数据库系统原理与应用
|
|
| 作者: | 文家焱 , 施平安 编著 | |
| 分册: | ||
| 出版信息: | 北京 冶金工业出版社 2002.11 |
|
| 页数: | 350页 | |
| 开本: | 20cm | |
| 丛书名: | ||
| 单 册: | ||
| 中图分类: | TP311.13 | |
| 科图分类: | ||
| 主题词: | 软件 | |
| 电子资源: | ||
| ISBN: | 7-5024-3119-5 | |
| 000 | 00632nam0 2200205 45 | |
| 001 | 0437583750 | |
| 005 | 20080307164543.87 | |
| 010 | @a7-5024-3119-5@dCNY 35.00 | |
| 100 | @a20040520d2002 km y0chiy0120 ea | |
| 101 | 0 | @achi |
| 102 | @aCN@b110000 | |
| 200 | 1 | @a数据库系统原理与应用@AShu Ju Ku Xi Tong Yuan Li Yu Ying Yong@f文家焱,施平安编著@FWen Jia Yan,Shi Ping An Bian Zhu |
| 210 | @a北京@c冶金工业出版社@d2002.11 | |
| 215 | @a350页@d20cm | |
| 606 | 0 | @a软件 |
| 690 | @aTP311.13@v4 | |
| 701 | 0 | @a文家焱@AWen Jia Yan@4编著 |
| 701 | 0 | @a施平安@AShi Ping An@4编著 |
| 801 | 0 | @aCN@bPFT@c20080307 |
| 905 | @a安徽大学@dTP311.13@eW652 | |
| 数据库系统原理与应用/文家焱,施平安编著.-北京:冶金工业出版社,2002.11 |
| 350页;20cm |
| ISBN 7-5024-3119-5:CNY 35.00 |
| ● |
| 相关链接 |
|
|
|
正题名:数据库系统原理与应用
索取号:TP311.13/W652
 
预约/预借
| 序号 | 登录号 | 条形码 | 馆藏地/架位号 | 状态 | 备注 |
| 1 | 376361 | 203763613 | 期刊室512/301自科库 40排4列3层/ [索取号:TP311.13/W652] | 在馆 | |
| 2 | 376362 | 203763622 | 期刊室512/301自科库 45排6列5层/ [索取号:TP311.13/W652] | 在馆 | |
| 3 | 478670 | 204786703 | 计算机与数据科学学院资料室/ [索取号:TP311.13/W652] | 在馆 |